000 00343nam a2200121Ia 4500
008 220204s9999 xx 000 0 und d
082 _a574:575
_bCRE
245 0 _aEcological genetics and evolution: Essays in honour of E B Ford
260 _aNew York
_bAppleton
_c1971
650 _aEcological genetics
700 _aCREED, Robert
942 _cBK
999 _c33384
_d33384